<?xml version="1.0" encoding="UTF-8"?>
<record
    xmlns:xsi="http://www.w3.org/2001/XMLSchema-instance"
    xsi:schemaLocation="http://www.loc.gov/MARC21/slim http://www.loc.gov/standards/marcxml/schema/MARC21slim.xsd"
    xmlns="http://www.loc.gov/MARC21/slim">

  <leader>00665nam a22001577a 4500</leader>
  <controlfield tag="003">OSt</controlfield>
  <controlfield tag="005">20150908163524.0</controlfield>
  <controlfield tag="008">150908b        xxu||||| |||| 00| 0 eng d</controlfield>
  <datafield tag="040" ind1=" " ind2=" ">
    <subfield code="c">RUA</subfield>
  </datafield>
  <datafield tag="082" ind1=" " ind2=" ">
    <subfield code="a">AGR &#x1794;&#x17B7;&#x17BB;&#x1785; 1993 B007 Or.1</subfield>
  </datafield>
  <datafield tag="100" ind1=" " ind2=" ">
    <subfield code="9">171</subfield>
    <subfield code="a">&#x1794;&#x17B7;&#x17BB;&#x1785; &#x179F;&#x17B8;&#x1790;&#x1793;</subfield>
  </datafield>
  <datafield tag="245" ind1=" " ind2=" ">
    <subfield code="a">&#x179F;&#x17B7;&#x1780;&#x17D2;&#x179F;&#x17B6;&#x1780;&#x17B6;&#x179A;&#x1795;&#x179B;&#x17B7;&#x178F;&#x1796;&#x17BC;&#x1787;&#x179F;&#x17D2;&#x179A;&#x17BC;&#x179C;&#x1791;&#x17C6;&#x1793;&#x17BE;&#x1794;&#x1796;&#x17B8;&#x1794;&#x17D2;&#x179A;&#x1797;&#x17C1;&#x1791; IR -66; IR-72 &#x179A;&#x1794;&#x179F;&#x17CB;&#x1780;&#x179F;&#x17B7;&#x1780;&#x179A;&#x1793;&#x17C5;&#x1797;&#x17BC;&#x1798;&#x17B7;&#x178F;&#x17B6;&#x179F;&#x17D2;&#x17A2;&#x17B6;&#x1784; &#x1781;&#x17C1;&#x178F;&#x17D2;&#x178F;&#x179F;&#x17D2;&#x179C;&#x17B6;&#x1799;&#x179A;&#x17C0;&#x1784;&#x1793;&#x17B6;&#x179A;&#x178A;&#x17BC;&#x179C;&#x1794;&#x17D2;&#x179A;&#x17B6;&#x17CB;&#x1784;&#x1786;&#x17D2;&#x1793;&#x17B6;&#x17C6; &#x17E1;&#x17E9;&#x17E9;&#x17E3;</subfield>
  </datafield>
  <datafield tag="260" ind1=" " ind2=" ">
    <subfield code="a">Phnom Penh</subfield>
    <subfield code="b">RUA</subfield>
    <subfield code="c">1993</subfield>
  </datafield>
  <datafield tag="300" ind1=" " ind2=" ">
    <subfield code="a">98p.</subfield>
    <subfield code="b">ill.</subfield>
    <subfield code="c">29cm.</subfield>
  </datafield>
  <datafield tag="942" ind1=" " ind2=" ">
    <subfield code="2">ddc</subfield>
    <subfield code="c">AGR</subfield>
  </datafield>
  <datafield tag="999" ind1=" " ind2=" ">
    <subfield code="c">152</subfield>
    <subfield code="d">152</subfield>
  </datafield>
  <datafield tag="952" ind1=" " ind2=" ">
    <subfield code="0">0</subfield>
    <subfield code="1">0</subfield>
    <subfield code="2">ddc</subfield>
    <subfield code="4">0</subfield>
    <subfield code="6">AGR_&#x1794;&#x17B7;&#x17BB;&#x1785;_1993_000000000000000_B007_OR_1</subfield>
    <subfield code="7">0</subfield>
    <subfield code="9">579</subfield>
    <subfield code="a">LBB</subfield>
    <subfield code="b">LBB</subfield>
    <subfield code="c">B007</subfield>
    <subfield code="d">2015-09-08</subfield>
    <subfield code="o">AGR &#x1794;&#x17B7;&#x17BB;&#x1785; 1993 B007 Or.1</subfield>
    <subfield code="p">RUA003450</subfield>
    <subfield code="r">2015-09-08</subfield>
    <subfield code="w">2015-09-08</subfield>
    <subfield code="y">AGR</subfield>
  </datafield>
  <datafield tag="952" ind1=" " ind2=" ">
    <subfield code="0">0</subfield>
    <subfield code="1">0</subfield>
    <subfield code="2">ddc</subfield>
    <subfield code="4">0</subfield>
    <subfield code="6">AGR_&#x1794;&#x17B7;&#x17BB;&#x1785;_1993_000000000000000_B007_OR_2</subfield>
    <subfield code="7">0</subfield>
    <subfield code="9">580</subfield>
    <subfield code="a">LBB</subfield>
    <subfield code="b">LBB</subfield>
    <subfield code="c">B007</subfield>
    <subfield code="d">2015-09-08</subfield>
    <subfield code="o">AGR &#x1794;&#x17B7;&#x17BB;&#x1785; 1993 B007 Or.2</subfield>
    <subfield code="p">RUA003522</subfield>
    <subfield code="r">2015-09-08</subfield>
    <subfield code="w">2015-09-08</subfield>
    <subfield code="y">AGR</subfield>
  </datafield>
  <datafield tag="952" ind1=" " ind2=" ">
    <subfield code="0">0</subfield>
    <subfield code="1">0</subfield>
    <subfield code="2">ddc</subfield>
    <subfield code="4">0</subfield>
    <subfield code="6">AGR_&#x1794;&#x17B7;&#x17BB;&#x1785;_1993_000000000000000_B007_OR_3</subfield>
    <subfield code="7">0</subfield>
    <subfield code="9">581</subfield>
    <subfield code="a">LBB</subfield>
    <subfield code="b">LBB</subfield>
    <subfield code="c">B007</subfield>
    <subfield code="d">2015-09-08</subfield>
    <subfield code="o">AGR &#x1794;&#x17B7;&#x17BB;&#x1785; 1993 B007 Or.3</subfield>
    <subfield code="p">RUA003377</subfield>
    <subfield code="r">2015-09-08</subfield>
    <subfield code="w">2015-09-08</subfield>
    <subfield code="y">AGR</subfield>
  </datafield>
  <datafield tag="952" ind1=" " ind2=" ">
    <subfield code="0">0</subfield>
    <subfield code="1">0</subfield>
    <subfield code="2">ddc</subfield>
    <subfield code="4">0</subfield>
    <subfield code="6">AGR_&#x1794;&#x17B7;&#x17BB;&#x1785;_1993_000000000000000_B007_OR_4</subfield>
    <subfield code="7">0</subfield>
    <subfield code="9">582</subfield>
    <subfield code="a">LBB</subfield>
    <subfield code="b">LBB</subfield>
    <subfield code="c">B007</subfield>
    <subfield code="d">2015-09-08</subfield>
    <subfield code="o">AGR &#x1794;&#x17B7;&#x17BB;&#x1785; 1993 B007 Or.4</subfield>
    <subfield code="p">RUA003449</subfield>
    <subfield code="r">2015-09-08</subfield>
    <subfield code="w">2015-09-08</subfield>
    <subfield code="y">AGR</subfield>
  </datafield>
  <datafield tag="952" ind1=" " ind2=" ">
    <subfield code="0">0</subfield>
    <subfield code="1">0</subfield>
    <subfield code="2">ddc</subfield>
    <subfield code="4">0</subfield>
    <subfield code="6">AGR_&#x1794;&#x17B7;&#x17BB;&#x1785;_1993_000000000000000_B007_OR_5</subfield>
    <subfield code="7">0</subfield>
    <subfield code="9">583</subfield>
    <subfield code="a">LBB</subfield>
    <subfield code="b">LBB</subfield>
    <subfield code="c">B007</subfield>
    <subfield code="d">2015-09-08</subfield>
    <subfield code="o">AGR &#x1794;&#x17B7;&#x17BB;&#x1785; 1993 B007 Or.5</subfield>
    <subfield code="p">RUA003904</subfield>
    <subfield code="r">2015-09-08</subfield>
    <subfield code="w">2015-09-08</subfield>
    <subfield code="y">AGR</subfield>
  </datafield>
  <datafield tag="952" ind1=" " ind2=" ">
    <subfield code="0">0</subfield>
    <subfield code="1">0</subfield>
    <subfield code="2">ddc</subfield>
    <subfield code="4">0</subfield>
    <subfield code="6">AGR_&#x1794;&#x17B7;&#x17BB;&#x1785;_1993_000000000000000_B007_OR_6</subfield>
    <subfield code="7">0</subfield>
    <subfield code="9">584</subfield>
    <subfield code="a">LBB</subfield>
    <subfield code="b">LBB</subfield>
    <subfield code="c">B007</subfield>
    <subfield code="d">2015-09-08</subfield>
    <subfield code="o">AGR &#x1794;&#x17B7;&#x17BB;&#x1785; 1993 B007 Or.6</subfield>
    <subfield code="p">RUA003521</subfield>
    <subfield code="r">2015-09-08</subfield>
    <subfield code="w">2015-09-08</subfield>
    <subfield code="y">AGR</subfield>
  </datafield>
  <datafield tag="952" ind1=" " ind2=" ">
    <subfield code="0">0</subfield>
    <subfield code="1">0</subfield>
    <subfield code="2">ddc</subfield>
    <subfield code="4">0</subfield>
    <subfield code="6">AGR_&#x1794;&#x17B7;&#x17BB;&#x1785;_1993_000000000000000_B007_OR_7</subfield>
    <subfield code="7">0</subfield>
    <subfield code="9">585</subfield>
    <subfield code="a">LBB</subfield>
    <subfield code="b">LBB</subfield>
    <subfield code="c">B007</subfield>
    <subfield code="d">2015-09-08</subfield>
    <subfield code="o">AGR &#x1794;&#x17B7;&#x17BB;&#x1785; 1993 B007 Or.7</subfield>
    <subfield code="p">RUA003376</subfield>
    <subfield code="r">2015-09-08</subfield>
    <subfield code="w">2015-09-08</subfield>
    <subfield code="y">AGR</subfield>
  </datafield>
  <datafield tag="952" ind1=" " ind2=" ">
    <subfield code="0">0</subfield>
    <subfield code="1">0</subfield>
    <subfield code="2">ddc</subfield>
    <subfield code="4">0</subfield>
    <subfield code="6">AGR_&#x1794;&#x17B7;&#x17BB;&#x1785;_1993_000000000000000_B007_OR_8</subfield>
    <subfield code="7">0</subfield>
    <subfield code="9">586</subfield>
    <subfield code="a">LBB</subfield>
    <subfield code="b">LBB</subfield>
    <subfield code="c">B007</subfield>
    <subfield code="d">2015-09-08</subfield>
    <subfield code="o">AGR &#x1794;&#x17B7;&#x17BB;&#x1785; 1993 B007 Or.8</subfield>
    <subfield code="p">RUA003448</subfield>
    <subfield code="r">2015-09-08</subfield>
    <subfield code="w">2015-09-08</subfield>
    <subfield code="y">AGR</subfield>
  </datafield>
</record>
